Missing Word: 'A' Movies Quiz Stats

 Plays Quiz Updated Oct 5, 2017

Challenge
Share
Tweet
Embed
Score 0/26 Timer 03:00
3 Plays Today
Movie Missing Word % Correct
Alice in ____Wonderland
97.2%
Alvin and the ____ Chipmunks
95.4%
All Dogs Go To ____Heaven
94.6%
As Good as It ____Gets
94.3%
Adventures of Robin ____Hood
94.1%
Angels and ____Demons
93.2%
Anger ____Management
91.4%
Apollo ____13
91.2%
All Quiet on the Western ____Front
90.7%
Ace Ventura: Pet ____Detective
90.3%
Air Force ____One
89.9%
Apocalypse ___Now
89.4%
Anne of Green ____Gables
81%
Movie Missing Word % Correct
Animal ____House
71.3%
American ____ XHistory
61.9%
Annie ____Hall
58.8%
Arsenic and Old ____Lace
58.4%
Almost ____Famous
58.4%
The African ____Queen
56.6%
Alpha ____Dog
54%
All About ____ Eve
54%
Anatomy of a ____Murder
37.4%
All The ____ MenPresident's
37.1%
Adventures in ____Babysitting
33.7%
Alien: ____Resurrection
28.9%
Army of ____Darkness
27.7%

Today's Daily Dose

Missing Word
Madam, I'm Adam

Quick Pick
Meat vs Animal

On This Day
October 21st II

You're not logged in!

Compare scores with friends on all Sporcle quizzes.
Join for Free
OR
Log In

You Might Also Like...

Show Comments

Extras

Top Quizzes Today


Score Distribution

Your Account Isn't Verified!

In order to create a playlist on Sporcle, you need to verify the email address you used during registration. Go to your Sporcle Settings to finish the process.

Report this User

Report this user for behavior that violates our Community Guidelines.

Details: